<?xml version="1.0" encoding="UTF-8"?>
<record
    xmlns:xsi="http://www.w3.org/2001/XMLSchema-instance"
    xsi:schemaLocation="http://www.loc.gov/MARC21/slim http://www.loc.gov/standards/marcxml/schema/MARC21slim.xsd"
    xmlns="http://www.loc.gov/MARC21/slim">

  <leader>01893nam a22003017a 4500</leader>
  <datafield tag="999" ind1=" " ind2=" ">
    <subfield code="c">22077</subfield>
    <subfield code="d">22077</subfield>
  </datafield>
  <controlfield tag="003">AR-CdUCM</controlfield>
  <controlfield tag="008">190425b           ||||| |||| 00| 0 spa d</controlfield>
  <datafield tag="040" ind1=" " ind2=" ">
    <subfield code="a">MUNICIPALIDAD PROVINCIAL DEL CUSCO</subfield>
    <subfield code="c">BIBLIOTECA MUNICIPAL DEL CUSCO</subfield>
  </datafield>
  <datafield tag="082" ind1=" " ind2=" ">
    <subfield code="a">Situa/N&#xB0;1,2/2005</subfield>
  </datafield>
  <datafield tag="245" ind1=" " ind2=" ">
    <subfield code="a">Situa :</subfield>
    <subfield code="b">Revista semestral de la Facultad de Medicina Humana /</subfield>
    <subfield code="c">Facultad de Medicina Humana, Universidad Nacional de San Antonio Abad del Cusco</subfield>
  </datafield>
  <datafield tag="260" ind1=" " ind2=" ">
    <subfield code="a">Cusco :</subfield>
    <subfield code="b">[UNSAAC],</subfield>
    <subfield code="c">2005.</subfield>
  </datafield>
  <datafield tag="300" ind1=" " ind2=" ">
    <subfield code="a">47 p&#xE1;ginas. :</subfield>
    <subfield code="c">31 cm.</subfield>
  </datafield>
  <datafield tag="440" ind1=" " ind2=" ">
    <subfield code="a">Situa revista semestral de la Facultad de Medicina Humana.</subfield>
    <subfield code="n">Vol 14, N&#xB0; 1-2, enero-diciembre 2005.</subfield>
    <subfield code="9">47363</subfield>
  </datafield>
  <datafield tag="505" ind1=" " ind2=" ">
    <subfield code="a">Contenido: Identificaci&#xF3;n del vector de la Bartonelosis en zona inusual de altura del Cusco-Per&#xFA;, 2005. Pablo Grajeda Ancca. -- Entorno familiar y estilos de vida de riesgo de adolescentes escolares de la ciudad del Cusco, 2006. Luis Alberto Vel&#xE1;squez C&#xF3;rdova. -- IFD para la detecci&#xF3;n del virus de la rabia en murci&#xE9;lagos del distrito de Huanipaca-Abancay. Garc&#xED;a Arag&#xF3;n, Francisco. -- Caracter&#xED;sticas epidemiol&#xF3;gicas de la anemia en menores de 2&#xB0; que acuden al centro de salud CLASS W&#xE1;nchaq 2003-2004, Arturo Uldarico Delgado Camacho. -- Caso cl&#xED;nico infecci&#xF3;n cr&#xF3;nica alveolar. Herbert Cosi&#xF3; Due&#xF1;as. -- Embarazo ect&#xF3;pico corneal a prop&#xF3;sito de un caso. Edwin Espinoza C&#xE1;ceres.</subfield>
  </datafield>
  <datafield tag="650" ind1=" " ind2=" ">
    <subfield code="a">Medicina humana</subfield>
    <subfield code="9">47329</subfield>
  </datafield>
  <datafield tag="650" ind1=" " ind2=" ">
    <subfield code="a">Salud p&#xFA;blica</subfield>
    <subfield code="9">6404</subfield>
  </datafield>
  <datafield tag="650" ind1=" " ind2=" ">
    <subfield code="a">Hospitales</subfield>
    <subfield code="9">47330</subfield>
  </datafield>
  <datafield tag="650" ind1=" " ind2=" ">
    <subfield code="a">Partidos pol&#xED;ticos en salud</subfield>
    <subfield code="9">47364</subfield>
  </datafield>
  <datafield tag="650" ind1=" " ind2=" ">
    <subfield code="a">Centros de Salud</subfield>
    <subfield code="9">32510</subfield>
  </datafield>
  <datafield tag="700" ind1=" " ind2=" ">
    <subfield code="a">Grajeda Ancca, Pablo</subfield>
    <subfield code="9">47365</subfield>
  </datafield>
  <datafield tag="700" ind1=" " ind2=" ">
    <subfield code="a">Vel&#xE1;squez C&#xF3;rdova, Luis Alberto</subfield>
    <subfield code="9">47366</subfield>
  </datafield>
  <datafield tag="700" ind1=" " ind2=" ">
    <subfield code="a">Garc&#xED;a Arag&#xF3;n, Francisco</subfield>
    <subfield code="9">47367</subfield>
  </datafield>
  <datafield tag="700" ind1=" " ind2=" ">
    <subfield code="a">Cosi&#xF3; Due&#xF1;as, Herbert </subfield>
    <subfield code="9">47368</subfield>
  </datafield>
  <datafield tag="700" ind1=" " ind2=" ">
    <subfield code="a">Espinoza C&#xE1;ceres, Edwin </subfield>
    <subfield code="9">47369</subfield>
  </datafield>
  <datafield tag="710" ind1=" " ind2=" ">
    <subfield code="a">Universidad Nacional de San Antonio Abad del Cusco</subfield>
    <subfield code="9">15942</subfield>
  </datafield>
  <datafield tag="942" ind1=" " ind2=" ">
    <subfield code="2">ddc</subfield>
    <subfield code="c">PP</subfield>
  </datafield>
  <datafield tag="945" ind1=" " ind2=" ">
    <subfield code="a">vhl</subfield>
  </datafield>
  <datafield tag="952" ind1=" " ind2=" ">
    <subfield code="0">0</subfield>
    <subfield code="2">ddc</subfield>
    <subfield code="4">0</subfield>
    <subfield code="7">0</subfield>
    <subfield code="a">HEM</subfield>
    <subfield code="b">HEM</subfield>
    <subfield code="c">CART</subfield>
    <subfield code="d">2022-03-02</subfield>
    <subfield code="g">5.00</subfield>
    <subfield code="o">Situa/N&#xB0;1,2/2005</subfield>
    <subfield code="p">REVC000739</subfield>
    <subfield code="r">2022-03-02</subfield>
    <subfield code="y">PP</subfield>
  </datafield>
</record>
